It looks like you're offline.
Open Library logo
additional options menu

MARC Record from Scriblio

Record ID marc_records_scriblio_net/part09.dat:162543258:535
Source Scriblio
Download Link /show-records/marc_records_scriblio_net/part09.dat:162543258:535?format=raw

LEADER: 00535cam 2200205 i 4500
001 76476639 //r86
003 DLC
005 19860214000000.0
008 760904s1976 quc 00010 fre
010 $a 76476639 //r86
015 $aC***
020 $a0775705608
050 0 $aPQ3919.2.L4$bV4
082 $a841
100 20 $aLemieux-Lévesque, Alice,$d1900-
245 10 $aVers la joie /$cAlice Lemieux-Lévesque.
260 0 $aQuébec :$bÉditions Garneau,$cc1976.
300 $a74 p. ;$c21 cm.
490 0 $aGarneau poésie
500 $aPoems.